000 00462nam a2200157Ia 4500
003 IN-BaIIA
008 211028s9999 xx 000 0 eng d
040 _cIIA Library
080 _a535.2
_bJEL
100 _aJelly,J.V.
_93668
245 0 _aCerenkov radiation and its applications
_cJ.V. Jelly
260 _aLondon
_bPergamon Press
_c1958
300 _ax, 304p.
650 _aCerenkov Radiation
_93669
942 _cBK
999 _c1926
_d1926